000 01100 a2200205 4500
001 48776
005 20260407155753.0
008 260407a1978 arg spa d
003 AR-UNSa-BCEJYS
040 _aAR-UNSa-BCEJYS
_bspa
_cAR-UNSa-BCEJYS
080 _a349.2
_xDerecho del Trabajo
245 1 0 _aManual práctico laboral
250 _a2a.ed.
264 1 _aBuenos Aires :
_bCangallo
_c1978
300 _a290 p.
_c23 cm.
505 _a1. Introducción - 2. Remuneraciones - 3. Vacaciones - 4. Jornada de trabajo - 5. Descanso semanal - 6. Feriados - 7. Enfermedades y accidentes inculpables - 8. Accidentes del trabajo y enfermedades profesionales - 9. Suspensiones económicas y disciplinarias - 10. Trabajo de mujeres y menores - 11. Preaviso - 12. Extinción del contrato de trabajo - 13. Representantes gremiales - 14. Aportes y contribuciones - 15. Asignaciones familiares - 16. Prescripción e indexación - 17. Casos prácticos - 18. Documentación y papeles de trabajo - 19. Normas legales -
942 _cBK
590 _aniveau_biblio:m niveau_hierar:0
100 1 _aRubio, Valentín
999 _c4713
_d4713